00436nam a2200133Ia 4500008004100000245007800041260004900119260000900168300001000177500000800187650001600195999001900211952007200230170224s9999 xx 000 0 und d aApproach aversion: Negative hedonic reactions toward approaching stimuli. bJournal of Personality and Social Psychology c2014 a106:5 aMay xPsychology. c316373d316373 001040aCLbCLd2017-02-24l0r2017-02-24 00:00:00w2017-02-24ySE